000 00565nam a2200193Ia 4500
003 GCL
008 140319s9999 xx 000 0 ara d
040 _aGCL /
_cGCL
082 0 4 _a811.02
_bك ش
100 1 _aكعب بن زهير
245 1 0 _aشرح التبريزة على باتت سهاد /
_cكعب بن زهير
700 1 _aعبدالرحيم يوسف الجمل
260 _a[S.N] :
_bمكتبة الاداب ،
_c1990
300 _a91 ص
490 _a
650 0 4 _aالشعر العربى
650 0 4 _aصدر الاسلام
942 _2ddc
_cBK
999 _c38037
_d38037